Body Part in the Lyrics - Statistics

General Stats
  • This quiz has been taken 72 times
  • The average score is 9 of 15
Answer Stats
Hint Answer % Correct
No one knows what it's like / To be the bad man / To be the sad man / Behind blue ___s Eye
95%
Now let me hold your ____ / I want to hold your ____ Hand
89%
Baby you light up my world like nobody else / The way that you flip your ____ gets me overwhelmed Hair
83%
Make me walk, make me talk, do whatever you please / I can act like a star, I can beg on my ____s Knee
83%
Don't waste your time on me / You're already the voice inside my ____ Head
81%
When I see your ____ / There's not a thing that I would change cause you're amazing / Just the way you are Face
75%
Oh, when the sun beats down and burns the tar up on the roof / And your shoes get so hot you wish your tired ____ were fireproof Feet
70%
But don't tell my _____ / My achy breaky _____ Heart
69%
Baby got ____ (LA face with the Oakland booty) Back
66%
Us girls we are so magical / Soft ____, red lips, so kissable Skin
56%
So you're a tough guy / Like it really rough guy / Just can't get enough guy / _____ always so puffed guy Chest
52%
She had the sightless eyes / Telling me no lies / Knockin' me out with those American _____s Thigh
52%
My wrist, stop watchin', my ____ is flossin' / Make big deposits, my gloss is poppin' Neck
23%
Cutie the bomb / Met her at a beauty salon / With a baby Louis Vuitton / Under her ________ Underarm
13%
Girls, girls, girls / Red lips, _________s Fingertip
11%
No matching quizzes found
Score Distribution
Percent of People with Each Score
Percentile by Number Answered
Your Score History
You have not taken this quiz